| 000 | 00624nam a22002297a 4500 | ||
|---|---|---|---|
| 999 |
_c174383 _d174383 |
||
| 005 | 20200611104230.0 | ||
| 010 | _aA-502019 | ||
| 020 | _c100.00 | ||
| 035 | _aA-502019 | ||
| 037 | _bCen Lib/Ret | ||
| 082 | _a840 | ||
| 100 | _aنند کشور کریم | ||
| 245 |
_aعالمی اردو ادب / _cنند کشور کریم |
||
| 246 |
_aAalmi Urdu Adab / _bby Nand Kishore Karim |
||
| 260 | _c1991 ء | ||
| 300 |
_a399p. _c21cm(Hb) |
||
| 650 | _a اردو ادب | ||
| 650 | _a اردو ادب | ||
| 650 | _aUrdu literature | ||
| 650 | _aUrdu literature | ||
| 942 |
_2ddc _cUR _h840 _mع ا ل |
||